Δίκτυα και επικοινωνίες προσωπικών υπολογιστών
Αποθηκεύτηκε σε:
| Κύριος συγγραφέας: | |
|---|---|
| Άλλοι συγγραφείς: | |
| Μορφή: | Βιβλίο |
| Γλώσσα: | Greek |
| Δημοσίευση: |
Αθήνα :
Γκιούρδας,
1992.
|
| Θέματα: | |
| Ετικέτες: |
Προσθήκη ετικέτας
Δεν υπάρχουν, Καταχωρήστε ετικέτα πρώτοι!
|
MARC
| LEADER | 00000cam a2200000 i 4500 | ||
|---|---|---|---|
| 001 | 1/52540 | ||
| 008 | 941103s1992 gr | ||| |||| ||gre|| | ||
| 035 | |a 1993 |c ΠΑΝΑΓΙΩΤΟΠΟΥΛΟΣ |l 10044453 | ||
| 040 | |a GR-MyUA |b gre |e AACR2 | ||
| 041 | 1 | |a gre | |
| 082 | 0 | |a 384.3 | |
| 100 | 1 | |a Derfler, Frank J. | |
| 245 | 1 | 0 | |a Δίκτυα και επικοινωνίες προσωπικών υπολογιστών / |c Frank J. Derfler ; απόδοση Κων/νος Συρράκος. |
| 260 | |a Αθήνα : |b Γκιούρδας, |c 1992. | ||
| 300 | |a 425 σ. ; |c 24 εκ. + |e 2 δισκέτες 5 1/4 ίν. | ||
| 504 | |a Περιλαμβάνει ευρετήριο. | ||
| 650 | 0 | 0 | |a Computer networks. |
| 700 | 1 | |a Συρράκος, Κωνσταντίνος, |e trl | |
| 765 | 0 | 8 | |i Μετάφραση του: |t PC magazine guide to connectivity / |
| 852 | |a INST |b SAMOS |e 19941103 |h 384.3 DER |p 005300002344 |q 005300002344 |t BK |y 0 | ||
| 909 | |a Σ |b 029991 | ||